000 02122cam a22003015a 4500
001 L146211
002 17351
008 081216s2008 xxk f 001 0 eng d
020 _a9781405179652
035 _a(Sirsi) u146211
041 0 _aeng
050 0 4 _a692.8 $2 18
100 1 _aChappell, David
245 0 0 _aStandard letters in architectural practice
_h[electronic resource]
250 _a4th ed.
300 _aeBook
350 _a57.50
505 2 _aAppraisal -- Design brief -- Concept -- Design development -- Technical design -- Production information -- Tender documentation -- Tender action -- Mobilisation -- Construction to practical completion -- Post practical completion -- Index
520 _aFourth edition of an eBook that provides over 300 standard letters for use by members of the construction industry at all stages of project administration. Includes the CDM Regulations 2007, the revised RIBA Code of conduct and its guidance notes, and the RIBA standard agreements for the appointment of an architect published in 2007. Takes into account all the situations encountered in architectural practice. Divides sections according to the latest version of the RIBA Plan of Work (2007). Unless otherwise stated, the letters can be used with the JCT Standard Building Contract, the JCT Intermediate Building Contract, the JCT Intermediate Building contract with contractor's design, the JCT Minor Works Building Contract, the JCT Minor Works Building Contract with contractor's design, the JCT Design and Build Contract, and the General Conditions of Contract for Building and Civil Engineering (GC/Works/1 (1998). Written primarily for architects and contract administrators, this book will also be useful to project managers and employer's agents.
520 _aIncludes a CD-ROM.
520 _aSupersedes 3rd ed. ISBN 1405115564
590 _aKA
650 2 4 _aEBOOK
651 4 _aEngland and Wales
_y1543-
690 _aBUILT ENVIRONMENT-BUILDING CONTRACT FORMS
856 4 8 _uhttps://www.vlebooks.com/
_zView on VLEbooks. Logins for members only from [email protected]
942 _n0
999 _c109073
_d109073